[Event "Challenge"]
[Site "http://www.queenalice.com/game.php?id=1830947"]
[Date "2024.2.6"]
[Round "-"]
[White "Ouraz99"]
[Black "EcheKiel"]
[Result "1-0"]
[WhiteElo "1315"]
[BlackElo "2011"]

1. Nc3 e5 2. Nf3 Nc6 3. d4 f6 4. e3 d5 5. dxe5 fxe5 6. Qxd5 Bd6 7. Ne4 Nb4 8.
Qb3 Bf5 9. Bb5+ c6 10. Bc4 Bxe4 11. O-O b5 12. Bxg8 Bxf3 13. Qf7# 1-0

[Event "Challenge"]
[Site "http://www.queenalice.com/game.php?id=1830948"]
[Date "2024.2.6"]
[Round "-"]
[White "EcheKiel"]
[Black "Ouraz99"]
[Result "1-0"]
[WhiteElo "1917"]
[BlackElo "1339"]

1. e4 Nc6 2. c3 d5 3. Qf3 d4 4. Bb5 a6 5. Bxc6+ bxc6 6. e5 Bb7 7. d3 e6 8. c4
Bb4+ 9. Bd2 a5 10. a3 Bxd2+ 11. Nxd2 f6 12. c5 f5 13. Nc4 Ba6 14. Qxc6+ Kf8 15.
Nf3 Ne7 16. Ng5 Nxc6 17. Nxe6+ Ke7 18. Nxd8 Raxd8 19. Kd2 Rd5 20. b4 a4 21. f4
g6 22. Nb2 Rg8 23. h4 Bb5 24. Rae1 Ke6 25. Re2 g5 26. fxg5 Nxe5 27. Rf1 h6 28.
g4 Kd7 29. Rxf5 Ke6 30. Rf6+ Ke7 31. Nc4 hxg5 32. Rf5 gxh4 33. Nxe5 h3 34. Ng6+
Kd7 35. Rxd5+ Kc8 36. Ne7+ Kb7 37. Nxg8 Bc6 38. Rxd4 Kc8 39. Ne7+ Kb7 40. Nxc6
Kxc6 41. Re6+ Kb5 42. Rdd6 cxd6 43. Rxd6 h2 44. Rb6# 1-0

[Event "Chat l'ange #1"]
[Site "http://www.queenalice.com/game.php?id=1831818"]
[Date "2024.2.18"]
[Round "-"]
[White "Ouraz99"]
[Black "EcheKiel"]
[Result "0-1"]
[WhiteElo "1337"]
[BlackElo "1919"]

1. e4 e5 2. Nf3 Qf6 3. Bc4 Bc5 4. a3 Bb6 5. d3 Nc6 6. O-O h6 7. Qe2 Nge7 8. Be3
Nd4 9. Nxd4 Bxd4 10. Bxd4 exd4 11. e5 Qg5 12. Qf3 O-O 13. Nd2 Qxd2 14. Qd1 Qxd1
15. Raxd1 d5 16. Bb5 a5 17. c3 a4 18. Rb1 c6 19. Bc4 dxc4 20. dxc4 dxc3 21. bxc3
Ng6 22. Rbe1 Ra5 23. f4 Re8 24. Rf2 f6 25. f5 Nxe5 26. Rf4 Nf3+ 27. Kf2 Nxe1 28.
g4 Nd3+ 29. Kf3 Nxf4 30. Kxf4 Rae5 31. h3 Re3 32. c5 R8e4# 0-1

[Event "Chat l'ange #2"]
[Site "http://www.queenalice.com/game.php?id=1831819"]
[Date "2024.2.18"]
[Round "-"]
[White "Ouraz99"]
[Black "EcheKiel"]
[Result "0-1"]
[WhiteElo "1341"]
[BlackElo "1930"]

1. c4 e5 2. e4 Bc5 3. Nh3 d6 4. Qa4+ Bd7 5. Qd1 Nc6 6. d3 h6 7. Be2 Qf6 8. O-O
Bxh3 9. gxh3 h5 10. Be3 Nd4 11. Nd2 Nh6 12. Bxh5 O-O-O 13. Nb3 g6 14. Bg4+ Kb8
15. Qd2 Nxg4 16. Bg5 Qxg5 17. Qxg5 Nf3+ 18. Kg2 Nxg5 19. hxg4 Rh4 20. Kg3 Rdh8
21. f4 Rh3+ 22. Kg2 Rxh2+ 23. Kg3 R8h3# 0-1

[Event "Challenge"]
[Site "http://www.queenalice.com/game.php?id=1833419"]
[Date "2024.3.14"]
[Round "-"]
[White "Ouraz99"]
[Black "EcheKiel"]
[Result "0-1"]
[WhiteElo "1335"]
[BlackElo "1970"]

1. e4 e5 2. Nf3 Qf6 3. d3 h6 4. d4 Nc6 5. d5 Nd4 6. c3 Nxf3+ 7. Qxf3 Bc5 8. Be3
Bb6 9. Qxf6 Nxf6 10. Bd3 d6 11. Bxb6 axb6 12. b4 Bd7 13. O-O O-O 14. Nd2 b5 15.
Nf3 Ra3 16. c4 Rxd3 17. c5 Nxe4 18. Rfd1 Rxd1+ 19. Rxd1 Nc3 20. Rd2 Ra8 21. h4
Nxa2 22. Re2 Nxb4 23. cxd6 cxd6 24. g3 Bg4 25. Kg2 Ra3 26. Re3 Rxe3 27. fxe3
Nxd5 28. e4 Bxf3+ 29. Kxf3 Nf6 30. Ke3 Kf8 0-1

[Event "je vais te " crever " #1"]
[Site "http://www.queenalice.com/game.php?id=1833594"]
[Date "2024.3.16"]
[Round "-"]
[White "Ouraz99"]
[Black "EcheKiel"]
[Result "0-1"]
[WhiteElo "1333"]
[BlackElo "1923"]

1. Nc3 e5 2. d3 d5 3. d4 e4 4. Be3 Bb4 5. a3 Ba5 6. b4 Bb6 7. Na4 c6 8. Nc5 a5
9. f3 f5 10. Nh3 h6 11. Bf4 Na6 12. c3 Nxc5 13. dxc5 Bc7 14. fxe4 dxe4 15. g3 b6
16. Qd4 Qe7 17. cxb6 Bxf4 18. Nxf4 Bb7 19. Ng6 Rd8 20. Nxe7 Rxd4 21. Nxf5 Rd7
22. bxa5 Nf6 23. Bh3 c5 24. Nxg7+ Rxg7 25. Be6 e3 26. c4 Bxh1 27. Rd1 Ke7 28.
Bh3 Ng4 29. a6 Rg6 30. Rb1 h5 31. Rb5 Rb8 32. a7 Rbxb6 33. Bxg4 hxg4 34. a4 Ra6
35. Rxc5 Rxa4 36. Rc7+ Ke6 37. Kd1 Be4 38. Kc1 Rb4 39. Rc6+ Kd7 40. Rxg6 Rb1#
0-1

[Event "je vais te " crever " #2"]
[Site "http://www.queenalice.com/game.php?id=1833595"]
[Date "2024.3.16"]
[Round "-"]
[White "Ouraz99"]
[Black "EcheKiel"]
[Result "0-1"]
[WhiteElo "1329"]
[BlackElo "1898"]

1. e4 e5 2. Bc4 Qf6 3. Qf3 Bc5 4. Qxf6 Nxf6 5. d3 h6 6. Be3 Bxe3 7. fxe3 c6 8.
Nf3 d5 9. Nxe5 dxc4 10. Nxc4 Ke7 11. e5 Ne8 12. d4 b6 13. O-O Ba6 14. Nbd2 b5
15. Na5 b4 16. Rf2 f6 17. a3 b3 18. Ndxb3 Kf7 19. Nc5 Kg6 20. h4 h5 21. e4 Rh6
22. Rf5 Bc8 23. e6 Nc7 24. e7 Bxf5 25. Re1 Bg4 26. e5 Kf7 27. e6+ Kxe7 28. Nd7
Nxd7 29. Nxc6+ Kd6 30. exd7 Bxd7 31. Ne7 Re8 32. Kf1 Rxe7 33. Rxe7 Kxe7 34. c4
Kd6 35. d5 a5 36. b4 axb4 37. axb4 Na6 38. b5 Nb4 39. b6 Bc8 40. g3 Ba6 41. Kf2
Bxc4 42. b7 Na6 43. Ke3 Bxd5 44. Kf4 Bxb7 45. g4 hxg4 46. Kxg4 Ke5 47. Kg3 Ke4
48. Kg4 Bc8+ 49. Kg3 Ke3 50. Kg2 Rg6+ 51. Kh2 Kf2 52. h5 Rh6 53. Kh1 Rxh5# 0-1

[Event "Sentiments..... Cordiaux 1"]
[Site "http://www.queenalice.com/game.php?id=1834632"]
[Date "2024.4.5"]
[Round "-"]
[White "Ouraz99"]
[Black "EcheKiel"]
[Result "0-1"]
[WhiteElo "1331"]
[BlackElo "1910"]

1. e4 e5 2. Qf3 Qf6 3. Nc3 c6 4. d3 Bc5 5. Be3 d6 6. Nh3 h6 7. a3 Bb6 8. Na4
Ba5+ 9. b4 Bc7 10. d4 Bxh3 11. Qxh3 Nd7 12. Qf5 Ne7 13. Qxf6 Nxf6 14. dxe5 dxe5
15. Bc4 O-O 16. O-O b5 17. Bc5 Rfe8 18. Nb6 axb6 19. Bxe7 Rxe7 20. Bd3 Re6 21.
c3 Rd6 22. Rfe1 Rxd3 23. Re3 Rad8 24. c4 Rd1+ 25. Rxd1 Rxd1+ 26. Re1 Rxe1# 0-1

[Event "Avril frileux 1"]
[Site "http://www.queenalice.com/game.php?id=1835518"]
[Date "2024.4.22"]
[Round "-"]
[White "Ouraz99"]
[Black "EcheKiel"]
[Result "0-1"]
[WhiteElo "1327"]
[BlackElo "1900"]

1. e4 e5 2. Nf3 Qf6 3. Nc3 c6 4. a3 Bc5 5. b4 Bd4 6. Bb2 Ne7 7. Na4 Bxb2 8. Nxb2
d5 9. Qe2 d4 10. Nc4 Ng6 11. g4 Bxg4 12. Bg2 Nf4 13. Qf1 Nd7 14. O-O-O Qe6 15.
Re1 d3 16. Nb2 Qa2 17. a4 Qa1# 0-1

[Event "Avril frileux 2"]
[Site "http://www.queenalice.com/game.php?id=1835519"]
[Date "2024.4.22"]
[Round "-"]
[White "EcheKiel"]
[Black "Ouraz99"]
[Result "1-0"]
[WhiteElo "1811"]
[BlackElo "1303"]

1. e4 Nc6 2. c3 d5 3. Qf3 Nf6 4. exd5 Ne5 5. Qg3 Qxd5 6. f3 Qe6 7. Be2 Bd7 8. d3
O-O-O 9. Qf2 h6 10. Qxa7 c5 11. Bf4 Qa6 12. Qxc5+ Qc6 13. Qxe5 Qd6 14. Qe3 Qd5
15. Qa7 e5 16. Bg3 Bc5 17. c4 Bxa7 18. cxd5 Nxd5 19. Bxe5 Ne3 20. Na3 Bc5 21.
Rc1 b6 22. Bd4 Nxg2+ 23. Kf2 Nf4 24. Bxc5 bxc5 25. Rxc5+ Kb7 26. d4 Rhe8 27. Bb5
Nd3+ 28. Kg3 Kb6 29. Rc3 Nxb2 30. Rb3 Bxb5 31. Nxb5 Nc4 32. Nd6+ Ka6 33. Nxc4
Rxd4 34. Rb4 h5 35. h4 f6 36. Nh3 Rc8 37. Rc1 Rd3 38. Rcb1 Rxc4 39. Rb8 Ka7 40.
R8b5 Ka6 41. Rxh5 Rcc3 42. Ng1 Rc2 43. Rh8 Ka7 44. Rbb8 Rxa2 45. Ra8+ Kb6 46.
Rxa2 Rc3 47. Ne2 Rc5 48. Rb2+ Kc6 49. Rc8+ Kd5 50. Rd2+ Kc4 51. Rc2+ Kb5 52.
R2xc5+ Kb6 53. R8c6+ Kb7 54. Nd4 g6 55. Rb5+ Ka7 56. Rc4 Ka6 57. Ra4# 1-0

[Event "Mai joyeux ✨🤣1"]
[Site "http://www.queenalice.com/game.php?id=1835520"]
[Date "2024.4.22"]
[Round "-"]
[White "Ouraz99"]
[Black "EcheKiel"]
[Result "0-1"]
[WhiteElo "1325"]
[BlackElo "1895"]

1. Nf3 Nc6 2. e3 e5 3. Bc4 e4 4. Nd4 Nxd4 5. exd4 d5 6. Be2 Nf6 7. d3 h6 8. dxe4
Nxe4 9. O-O Qf6 10. f3 Ng5 11. f4 Ne4 12. Nc3 c6 13. Nxe4 dxe4 14. d5 Bc5+ 15.
Kh1 h5 16. d6 Bd7 17. Bc4 O-O-O 18. a3 Bf5 19. h3 Bg4 20. Be2 Rxd6 21. Bd2 e3
22. Bc3 Bd4 23. Bxd4 Rxd4 24. Qxd4 Qxd4 25. hxg4 hxg4+ 26. Kg1 Kc7 27. c3 Qb6
28. b4 c5 29. Rfd1 Qh6 0-1

[Event "Mai joyeux ✨🤣 2"]
[Site "http://www.queenalice.com/game.php?id=1835521"]
[Date "2024.4.22"]
[Round "-"]
[White "Ouraz99"]
[Black "EcheKiel"]
[Result "0-1"]
[WhiteElo "1323"]
[BlackElo "1897"]

1. Nc3 Nf6 2. e4 e5 3. Nf3 d5 4. Nxe5 dxe4 5. Bc4 c6 6. Nxf7 Qe7 7. Nxh8 Be6 8.
b3 Nbd7 9. Bb2 O-O-O 10. d3 Bxc4 11. dxe4 Be6 12. O-O Qd6 13. Re1 Be7 14. e5
Nxe5 15. Ne4 Qxd1 16. Raxd1 Rxd1 17. Rxd1 Ned7 18. Ng5 Bd5 19. Nhf7 h6 20. Be5
Nxe5 21. Nh8 hxg5 22. Ng6 Nxg6 23. c4 Be6 24. Re1 Bf5 25. f3 Bc5+ 26. Kh1 g4 27.
Rb1 Bxb1 28. fxg4 b5 29. g5 Nh5 30. cxb5 cxb5 31. g3 Be4# 0-1

[Event "AUTO-INT-3876"]
[Site "http://www.queenalice.com/game.php?id=1836080"]
[Date "2024.5.1"]
[Round "1"]
[White "Ouraz99"]
[Black "Ruusgugg"]
[Result "0-1"]
[WhiteElo "1321"]
[BlackElo "1322"]

1. e4 g5 2. Qg4 e6 3. Qh5 h6 4. g3 Nf6 5. Qe2 b6 6. Qe3 d5 7. Qd4 c5 8. Qe3 Nxe4
9. Nc3 d4 10. Qf3 Bb7 11. Bg2 g4 12. Qd3 dxc3 13. Bxe4 Nc6 14. dxc3 Qc7 15. h3
Ne5 16. Qe3 Bxe4 17. Qxe4 f5 18. Qf4 Qc6 19. Rh2 gxh3 20. Rxh3 Qg2 21. Qxe5
Qxg1+ 22. Ke2 Rh7 23. Qxe6+ Re7 24. Bxh6 Rxe6+ 25. Kf3 Qxa1 26. Bxf8 Qd1+ 27.
Kf4 Qg4# 0-1

[Event "AUTO-INT-3876"]
[Site "http://www.queenalice.com/game.php?id=1836081"]
[Date "2024.5.1"]
[Round "1"]
[White "Ruusgugg"]
[Black "Ouraz99"]
[Result "1-0"]
[WhiteElo "1298"]
[BlackElo "1327"]

1. b4 a5 2. b5 a4 3. c4 d6 4. Nc3 Nf6 5. d4 a3 6. f4 e6 7. e4 b6 8. g4 c6 9. g5
Ng8 10. bxc6 Nxc6 11. h4 f6 12. Nf3 g6 13. h5 Ra5 14. hxg6 h6 15. c5 Qc7 16. Nb5
Qg7 17. cxd6 Qxg6 18. Bh3 Rxb5 19. O-O Qh5 20. Kh2 f5 21. d5 exd5 22. Qa4 Rc5
23. Bxa3 Bxd6 24. Bxc5 Bxc5 25. Qxc6+ Bd7 26. Qxd5 Qf7 27. Qe5+ Kf8 28. exf5
Bxf5 29. Bxf5 Qh5+ 30. Kg2 Qe8 31. Qxh8 hxg5 32. Rae1 Qf7 33. Be6 Qg7 34. Qh5
Nf6 35. Qh3 gxf4+ 36. Kh1 Qg4 37. Qh8+ Ke7 38. Bxg4+ Kf7 39. Be6+ Ke7 40. Bc8+
Be3 41. Qg7+ Kd8 42. Qf8+ Kc7 43. Rd1 Bc5 44. Qxf6 Kxc8 45. Rfe1 Kb7 46. Rd7+
Ka6 47. Qxf4 Ka5 48. Ra7+ Kb5 49. Qa4# 1-0

[Event "AUTO-INT-3876"]
[Site "http://www.queenalice.com/game.php?id=1836082"]
[Date "2024.5.1"]
[Round "1"]
[White "Ouraz99"]
[Black "NickThorp"]
[Result "0-1"]
[WhiteElo "1344"]
[BlackElo "1551"]

1. e4 e5 2. Nf3 Nc6 3. Nc3 Bb4 4. a3 Ba5 5. Nd5 d6 6. Bb5 Bd7 7. Bc4 Nf6 8. Ng5
Nxd5 9. Bxd5 Qxg5 10. g3 O-O 11. c3 Bg4 12. f3 Bd7 13. d3 Qf6 14. Bd2 a6 15. O-O
Bh3 16. Re1 Rab8 17. Kf2 Bg4 18. Kg1 Bxf3 19. Qc2 h6 20. Rf1 Ne7 21. Be3 c6 22.
b4 Bb6 23. Bxb6 Nxd5 24. exd5 Rfe8 25. Qf2 e4 26. Rae1 cxd5 27. Bd4 Qf5 28. Re3
Qh3 29. c4 Rbc8 30. Rc1 dxc4 31. Rxc4 d5 32. Qf1 Qxf1+ 33. Kxf1 dxc4 34. dxe4
Bxe4 35. Kf2 Bg6 36. Re5 Rxe5 37. Bxe5 c3 38. Ke2 c2 39. Bb2 Rd8 40. h3 Re8+ 41.
Kd2 Rd8+ 42. Kc3 Rc8+ 43. Kd2 Be4 44. Kc1 f6 45. a4 b5 46. a5 Rc4 47. h4 Rxb4
48. Kd2 Rxb2 49. g4 Rb1 50. Ke3 c1=Q+ 51. Kxe4 Qc4+ 52. Kf5 Rf1+ 0-1

[Event "AUTO-INT-3876"]
[Site "http://www.queenalice.com/game.php?id=1836083"]
[Date "2024.5.1"]
[Round "1"]
[White "NickThorp"]
[Black "Ouraz99"]
[Result "1-0"]
[WhiteElo "1543"]
[BlackElo "1352"]

1. e4 Nc6 2. Nf3 d5 3. exd5 Qxd5 4. d3 Nd4 5. Nxd4 Qxd4 6. Nc3 Qe5+ 7. Be3 Qa5
8. Qf3 Nf6 9. Be2 Qh5 10. Qxh5 Nxh5 11. Bxh5 Be6 12. O-O O-O-O 13. Nb5 a6 14.
Nd4 g6 15. Bf3 Bd5 16. Bxd5 Rxd5 17. Nf3 h5 18. Ng5 f6 19. Ne6 Bh6 20. Bxh6 Rxh6
21. Nf4 Rd4 22. Ne6 Rd5 23. Rfe1 Kd7 24. Nf4 Re5 25. Rxe5 fxe5 26. Nd5 Kd6 27.
Ne3 g5 28. Nf5+ Kd5 29. Nxh6 h4 30. h3 e4 31. Rd1 Ke5 32. Nf7+ Kf5 33. dxe4+
Kxe4 34. Nxg5+ Kf5 35. Nf3 e5 36. Nxh4+ Kg5 37. Nf3+ Kf4 38. Rd7 e4 39. Nd2 b6
40. Rxc7 e3 41. fxe3+ Kxe3 42. Nf3 Ke2 43. Rb7 b5 44. b3 Kd1 45. Rb6 Kxc2 46.
Rxa6 Kb2 47. Rb6 Kxa2 48. Rxb5 Ka3 49. h4 Ka2 50. b4 Ka3 51. h5 Ka4 52. Rb8 Kb3
53. h6 1-0

[Event "AUTO-INT-3876"]
[Site "http://www.queenalice.com/game.php?id=1836084"]
[Date "2024.5.1"]
[Round "1"]
[White "Ouraz99"]
[Black "bdpq"]
[Result "0-1"]
[WhiteElo "1310"]
[BlackElo "1652"]

1. e3 d5 2. Nf3 e6 3. d4 Bb4+ 4. Bd2 Nf6 5. Bxb4 Nc6 6. Bc3 O-O 7. Ne5 Nxe5 8.
dxe5 Ne4 9. Qf3 Nxc3 10. Nxc3 Qg5 11. Qf4 Qe7 12. Bd3 c5 13. O-O-O c4 14. Be2
Bd7 15. e4 dxe4 16. Qxe4 Bc6 17. Qxc4 Qg5+ 18. f4 Qh4 19. f5 Qxc4 20. Bxc4 exf5
21. Nd5 Kh8 22. Ne7 Bxg2 23. Rhe1 a6 24. Rd4 g6 25. Bd5 Bxd5 26. Nxd5 b5 27. e6
fxe6 28. Rxe6 a5 29. Nc7 Rab8 30. Red6 b4 31. h3 Rbc8 32. Ne6 Rfe8 33. b3 Rc3
34. h4 Rec8 35. Rc4 R3xc4 36. bxc4 Kg8 37. c5 Kf7 38. c6 Ke7 39. Rd7+ Kxe6 40.
Rxh7 Rxc6 41. h5 Kd5 42. h6 a4 43. Rd7+ Ke6 44. Rd4 Rb6 45. a3 g5 46. Kb2 Ke5
47. Rxb4 Rxh6 48. Rxa4 Rh4 49. Kb3 Rxa4 50. Kxa4 g4 51. c4 g3 52. c5 g2 53. c6
Kd6 54. Kb5 Kc7 55. a4 g1=Q 56. a5 f4 57. a6 Qb6+ 58. Kc4 Qxa6+ 59. Kd5 Qxc6+
60. Kd4 Qe6 61. Kd3 f3 62. Kd4 f2 63. Kd3 f1=R 64. Kd2 Rf2+ 65. Kc3 Qe1+ 66. Kb3
Qc1 67. Kb4 Rb2+ 68. Ka5 Qa1# 0-1

[Event "AUTO-INT-3876"]
[Site "http://www.queenalice.com/game.php?id=1836085"]
[Date "2024.5.1"]
[Round "1"]
[White "bdpq"]
[Black "Ouraz99"]
[Result "1-0"]
[WhiteElo "1704"]
[BlackElo "1305"]

1. e4 Nc6 2. d3 e5 3. Nf3 Bb4+ 4. Bd2 Nf6 5. Be2 Bc5 6. O-O Nd4 7. Bc3 Nxf3+ 8.
Bxf3 d6 9. Nd2 Bg4 10. Bxg4 O-O 11. h3 h5 12. Bf3 d5 13. Bxe5 h4 14. Nb3 Bd6 15.
Bxd6 Qxd6 16. exd5 g6 17. c4 Nh5 18. Bxh5 Qe5 19. Bg4 f5 20. Bf3 c6 21. Qd2 f4
22. dxc6 b6 23. Rfe1 Qc7 24. Re4 g5 25. Nd4 Qd6 26. Qc3 a6 27. Re6 Qc5 28. Rae1
Qa5 29. Rg6+ Kf7 30. Bh5 Rae8 31. Rxg5+ Kf6 32. Rxa5 Rxe1+ 33. Qxe1 bxa5 34. c7
Kg5 35. Qe7+ Kh6 36. Qxf8+ Kxh5 37. c8=Q Kg5 38. Qg4# 1-0

[Event "Qui perd gagne ?"]
[Site "http://www.queenalice.com/game.php?id=1836680"]
[Date "2024.5.12"]
[Round "-"]
[White "Ouraz99"]
[Black "EcheKiel"]
[Result "1-0"]
[WhiteElo "1297"]
[BlackElo "1833"]

1. b4 b6 2. c4 Bb7 3. d4 d5 4. c5 c6 5. Nf3 f6 6. Qa4 b5 7. Qb3 Qc7 8. Qc2 Nd7
9. g3 g6 10. Bh3 Bg7 11. Bf4 e5 12. dxe5 Nxe5 13. Be6 Nxf3+ 14. exf3 Qe7 15. Qe2
Bc8 16. Bd6 Qxe6 17. f4 f5 18. Nd2 Bxa1 19. Qxe6+ Bxe6 20. Ke2 Bf6 21. Be5 O-O-O
22. h3 d4 23. Kd3 Bc4+ 24. Nxc4 bxc4+ 25. Kxc4 d3 26. Bc3 d2 27. Rd1 Re8 28. a3
Re6 29. a4 Ne7 30. b5 Rd8 31. Ba5 Re4+ 32. Kb3 Rd3+ 33. Bc3 Nd5 34. bxc6 1-0

[Event "Challenge"]
[Site "http://www.queenalice.com/game.php?id=1838351"]
[Date "2024.6.10"]
[Round "-"]
[White "AdilsonGomes"]
[Black "Ouraz99"]
[Result "0-1"]
[WhiteElo "1331"]
[BlackElo "1336"]

1. e4 Nc6 2. Bc4 e6 3. Nc3 Nd4 4. Nf3 Nxf3+ 5. Qxf3 Qf6 6. Qxf6 Nxf6 7. d4 Bb4
8. e5 Bxc3+ 9. bxc3 Ng4 10. O-O O-O 11. Ba3 Re8 12. Rfe1 d6 13. Be2 f5 14. exd6
cxd6 15. Bxd6 a5 16. a4 b6 17. Bb5 Rd8 18. Bc7 Rd5 19. Bc6 Bb7 20. Bxd5 Bxd5 21.
Bxb6 f4 22. h3 Nf6 23. Bc7 Rc8 24. Bxa5 Ne4 0-1

[Event "Challenge"]
[Site "http://www.queenalice.com/game.php?id=1838352"]
[Date "2024.6.10"]
[Round "-"]
[White "Ouraz99"]
[Black "AdilsonGomes"]
[Result "1-0"]
[WhiteElo "1319"]
[BlackElo "1348"]

1. e4 d6 2. Nf3 Nf6 3. Bd3 g6 4. b3 e5 5. Bb2 Nh5 6. g3 Be7 7. Bb5+ c6 8. Bc4
Nd7 9. d4 b5 10. Be2 Nhf6 11. d5 Bb7 12. c4 Nxe4 13. O-O Nb6 14. Nxe5 dxe5 15.
f3 Nc5 16. Bxe5 Bf6 17. Qd4 Ncd7 18. Nc3 Bxe5 19. Qd3 Nc5 20. Qe3 Nbd7 21. Rac1
b4 22. Ne4 Nxe4 23. fxe4 1-0